Progress in coal science
Kaydedildi:
| Yazar: | |
|---|---|
| Materyal Türü: | Kitap |
| Dil: | İngilizce |
| Baskı/Yayın Bilgisi: |
Nueva York
Interscience
1950
|
| Konular: | |
| Etiketler: |
Etiketle
Etiket eklenmemiş, İlk siz ekleyin!
|
MARC
| LEADER | 00000nam a2200000 a 4500 | ||
|---|---|---|---|
| 001 | UCU7212 | ||
| 003 | CL-VaPUC | ||
| 008 | 960628e19500000US |||||||||||||||||eng|d | ||
| 082 | 0 | 4 | |a 662.62 |b BAN |2 21 |
| 100 | 0 | |a Bangham, D. H |e author |9 365846 | |
| 245 | 1 | 0 | |a Progress in coal science |
| 300 | |a 456 p | ||
| 942 | |c BK | ||
| 945 | |d 19960628 00:00:00 |a paguirre | ||
| 260 | |a Nueva York |b Interscience |c 1950 | ||
| 650 | 0 | |a Tecnología química |9 263002 | |
| 650 | 7 | |a CARBON |2 CL-VaPUC |9 268755 | |
| 650 | 0 | |a Combustibles |9 271720 | |
| 650 | 0 | |a Combustibles fósiles |9 338070 | |
| 650 | 7 | |a INDUSTRIA QUIMICA |2 CL-VaPUC |9 365847 | |
| 650 | 0 | |a Procesos industriales |9 334036 | |
| 650 | 0 | |a Gases |9 260945 | |
| 583 | |a last modification |c 19960628 00:00:00 |k Rodrigo Vera | ||
| 999 | |c 249894 |d 249892 | ||
| 952 | |0 0 |1 0 |4 0 |6 662_620000000000000_BAN_1950 |7 0 |8 A |9 267456 |a BIBING |b BIBING |d 2019-11-19 |i 1699792 |o 662.62 BAN 1950 |p 1699792 |r 2025-01-20 |w 2019-11-19 |y BK |k EIQ | ||